书目信息 |
| 题名: |
家庭影院
|
|
| 作者: | 钟光明 编著 | |
| 分册: | ||
| 出版信息: | 成都 成都科技大学出版社 1997.11 |
|
| 页数: | 282页 | |
| 开本: | 16开 | |
| 丛书名: | ||
| 单 册: | ||
| 中图分类: | TN946.7 | |
| 科图分类: | ||
| 主题词: | 录象系统 | |
| 电子资源: | ||
| ISBN: | 7-5616-3472-2 | |
| 000 | 00549nam0 2200193 45 | |
| 001 | 0009090925 | |
| 005 | 20141027154808.06 | |
| 010 | @a7-5616-3472-2@d20.00元 | |
| 100 | @a20000909d1997 km y0chiy0120 ea | |
| 101 | 0 | @achi |
| 105 | @a z 000yy | |
| 200 | 1 | @a家庭影院@AJia Ting Ying Yuan@f钟光明 编著@FZhong Guang Ming Bian Zhu |
| 210 | @a成都@c成都科技大学出版社@d1997.11 | |
| 215 | @a282页@d16开 | |
| 606 | 0 | @a录象系统 |
| 690 | @aTN946.7@v3 | |
| 701 | 0 | @a钟光明@4编著 |
| 801 | @aCN@bPftUser@c20000909 | |
| 905 | @b130513-517@dTN946.7@eZH527@f5 | |
| 家庭影院/钟光明 编著.-成都:成都科技大学出版社,1997.11 |
| 282页;16开 |
| ISBN 7-5616-3472-2:20.00元 |
| ● |
| 相关链接 |
|
|
|
正题名:家庭影院
索取号:TN946.7/ZH527
 
预约/预借
| 序号 | 登录号 | 条形码 | 馆藏地/架位号 | 状态 | 备注 |
| 1 | 130513 | 201305131 | 自科二线504/504自科库 8排4列5层/ [索取号:TN946.7/ZH527] | 在馆 | |
| 2 | 130514 | 201305140 | 期刊室512/301自科库 32排3列5层/ [索取号:TN946.7/ZH527] | 在馆 | |
| 3 | 130515 | 201305159 | 自科二线504/504自科库 8排4列5层/ [索取号:TN946.7/ZH527] | 在馆 | |
| 4 | 130516 | 201305168 | 自科二线504/504自科库 31排4列1层/ [索取号:TN946.7/ZH527] | 在馆 |